Most expensive football transfers - Right-Backs - 2022-2023 Season - Statistics

General Stats
  • This quiz has been taken 16 times
  • The average score is 7 of 10
Answer Stats
Fee (M €) Nationality Left Joined Player % Correct
30,00 France Olympique Lyon Chelsea Malo Gusto
100%
20,00 Wales Liverpool Nottingham Forest Neco Williams
86%
12,00 France RB Leipzig Paris SG Nordi Mukiele
86%
14,25 Scotland Bologna Brentford Aaron Hickey
79%
20,00 Argentina Udinese Calcio Atlético Madrid Nahuel Molina
79%
14,70 England Middlesbrough Tottenham Djed Spence
71%
13,00 Denmark RB Salzburg Leeds Rasmus Kristensen
64%
14,50 Brazil Shakhtar D. Fiorentina Dodô
57%
13,00 Norway Feyenoord Benfica Fredrik Aursnes
43%
9,90 France Udinese Calcio Atalanta BC Brandon Soppy
36%
No matching quizzes found
Score Distribution
Percent of People with Each Score
Percentile by Number Answered
Your Score History
You have not taken this quiz